Eri oha gaon/ (Record no. 11205)
[ view plain ]
| 000 -LEADER | |
|---|---|
| fixed length control field | 00472nam a22001697a 4500 |
| 005 - DATE AND TIME OF LATEST TRANSACTION | |
| control field | 20211009122124.0 |
| 008 - FIXED-LENGTH DATA ELEMENTS--GENERAL INFORMATION | |
| fixed length control field | 211009b ||||| |||| 00| 0 eng d |
| 040 ## - CATALOGING SOURCE | |
| Original cataloging agency | IN-DiNC |
| Transcribing agency | IN-DiNC |
| 041 ## - LANGUAGE CODE | |
| Language code of sung or spoken text | Assamese |
| 082 ## - DEWEY DECIMAL CLASSIFICATION NUMBER | |
| Classification number | 954.162 |
| Item number | GOS |
| 100 ## - MAIN ENTRY--PERSONAL NAME | |
| Personal name | Goswami, Kesavananda Dev |
| Relator term | Author |
| 245 ## - TITLE STATEMENT | |
| Title | Eri oha gaon/ |
| Statement of responsibility, etc. | by Kesavananda Dev Goswami |
| 260 ## - PUBLICATION, DISTRIBUTION, ETC. | |
| Place of publication, distribution, etc. | Guwahati: |
| Name of publisher, distributor, etc. | Publication Board Assam, |
| Date of publication, distribution, etc. | 2012 |
| 300 ## - PHYSICAL DESCRIPTION | |
| Extent | 155p. |
| 650 ## - SUBJECT ADDED ENTRY--TOPICAL TERM | |
| Topical term or geographic name entry element | Cultural history of Assam |
| 942 ## - ADDED ENTRY ELEMENTS (KOHA) | |
| Source of classification or shelving scheme | Dewey Decimal Classification |
| Koha item type | Books |
| Withdrawn status | Lost status | Source of classification or shelving scheme | Damaged status | Not for loan | Collection code | Home library | Current library | Shelving location | Date acquired | Cost, normal purchase price | Total Checkouts | Full call number | Barcode | Date last seen | Date last checked out | Copy number | Price effective from | Koha item type |
|---|---|---|---|---|---|---|---|---|---|---|---|---|---|---|---|---|---|---|
| Dewey Decimal Classification | History | Central Library, Naharkatiya College | Central Library, Naharkatiya College | General Stacks | 09/10/2021 | 100.00 | 4 | 954.162 GOS | 26047 | 28/01/2025 | 19/12/2024 | 1 | 09/10/2021 | Books |
